| 000 | 01215nam a22002177a 4500 | ||
|---|---|---|---|
| 003 | OSt | ||
| 005 | 20191029062725.0 | ||
| 008 | 180712b xxu||||| |||| 00| 0 spa d | ||
| 020 | _a9506792836 | ||
| 040 | _cPJ | ||
| 100 |
_aDe Vega Ruiz, José Augusto _94172 |
||
| 245 | 1 | 0 |
_aTratamiento jurídico del S.I.D.A / _bJosé Augusto Vega Ruiz. |
| 260 |
_aMadrid : _bColex, _c1992 |
||
| 300 |
_a141 p. _c20 cm. |
||
| 490 |
_aBiblioteca Jurídica de Bolsillo _v7 |
||
| 505 | _aI. Preámbulo y método explicativo. -- II. Situación actual . Generalidades y conceptos. -- III. El SIDA en el derecho. -- IV. Antecedentes jurídicos de la sentencia del Tribunal Suprema, Sala 2º, única dictada hasta ahora. -- La sentencia del Tribunal Supremo, 18-11-1991. La imprudencia temeraria, la imprudencia profesional, la falta de imprudencia, el despacho de medicamentos deteriorados y la expendición de medicamentos sin observar las disposiciones reglamentarias. -- VI. Trascendencia y consecuencias de la sentencai. -- VII. Panorama del futuro. | ||
| 650 | 0 |
_9343 _aDERECHO PENAL |
|
| 650 | 0 |
_94176 _aPROPAGACIÓN DE ENFERMEDAD PELIGROSA Y CONTAGIOSA |
|
| 651 | 0 |
_9455 _aESPAÑA |
|
| 942 |
_2udc _cLIB _h343.617 _iDEV |
||
| 999 |
_c2747 _d2747 |
||